Royal Doulton Figures (Record no. 4936)

MARC details
000 -CABECERA
campo de control de longitud fija 00703nam a2200229 a 4500
001 - NÚMERO DE CONTROL
campo de control BRCA_5242
005 - FECHA Y HORA DE LA ÚLTIMA TRANSACCIÓN
campo de control 20190320205011.0
008 - DATOS DE LONGITUD FIJA--INFORMACIÓN GENERAL
campo de control de longitud fija 791012s1978####uk-a######---#000-0#eng-#
020 ## - NÚMERO INTERNACIONAL ESTÁNDAR DEL LIBRO
Número Internacional Estándar del Libro 0906262003
041 ## - CÓDIGO DE LENGUA
Código de lengua del texto/banda sonora o título independiente eng
044 ## - CÓDIGO DEL PAÍS DE LA ENTIDAD EDITORA/PRODUCTORA
Código MARC del país Uk
050 #4 - SIGNATURA TOPOGRÁFICA DE LA BIBLIOTECA DEL CONGRESO
Número de clasificación NK4660
Número de documento/Ítem .E95 1978
100 1# - ENTRADA PRINCIPAL--NOMBRE DE PERSONA
Nombre de persona Eyles, Desmond
9 (RLIN) 13431
245 10 - MENCIÓN DE TÍTULO
Título Royal Doulton Figures
Resto del título produced at Burslem Staffordshire
Mención de responsabilidad, etc. Desmond Eyles & Richard Dennis.
260 ## - PUBLICACIÓN, DISTRIBUCIÓN, ETC.
Lugar de publicación, distribución, etc. Gran Bretaña
Nombre del editor, distribuidor, etc. Royal Doulton Tableware Limited
Fecha de publicación, distribución, etc. 1978
300 ## - DESCRIPCIÓN FÍSICA
Extensión 432 p.
Otras características físicas il. a color
Dimensiones 32 cm.
500 ## - NOTA GENERAL
Nota general Donación Dr. Héctor Rivero Borrell Vázquez
650 14 - PUNTO DE ACCESO ADICIONAL DE MATERIA--TÉRMINO DE MATERIA
Término de materia o nombre geográfico como elemento de entrada Figuras Royal Doulton
9 (RLIN) 13432
700 1# - PUNTO DE ACCESO ADICIONAL--NOMBRE DE PERSONA
Nombre de persona Dennis, Richard
9 (RLIN) 13433
902 ## - CATALOGADOR
Iniciales DHR
942 ## - ELEMENTOS DE PUNTO DE ACCESO ADICIONAL (KOHA)
Fuente del sistema de clasificación o colocación Library of Congress Classification
Tipo de ítem Koha Libros
Holdings
Estado de retiro Estado de pérdida Estado dañado No para préstamo Localización permanente Ubicación/localización actual Fecha de adquisición Total de préstamos Signatura topográfica completa Código de barras Fecha visto por última vez Precio válido a partir de Tipo de ítem Koha
El ejemplar forma parte de la colección y puede ser consultado según las políticas vigentes.       Biblioteca del Museo Franz Mayer (Rogerio Casas-Alatriste) Biblioteca del Museo Franz Mayer (Rogerio Casas-Alatriste) 29/11/2010   NK4660 .E95 1978 DHR00029 22/03/2019 22/03/2019 Libros